[Event "CZE-ch U12"]
[Site "Herlikovice"]
[Date "2021.10.27"]
[Round "5"]
[White "Jun, Rostislav"]
[Black "Veverka, Max"]
[Result "1-0"]
[WhiteElo "1295"]
[BlackElo "1090"]
[PlyCount "89"]
[EventDate "2021.10.23"]
[EventType "swiss"]
[EventRounds "9"]
[EventCountry "CZE"]
[SourceTitle "EXT 2023"]
[Source "ChessBase"]
[SourceDate "2022.10.05"]
[SourceVersion "1"]
[SourceVersionDate "2022.10.05"]
[SourceQuality "1"]

1. e4 c6 2. d4 d5 3. exd5 cxd5 4. Nc3 Nf6 5. Nf3 Nc6 6. Bg5 e6 7. Be2 Bd6 8. 0-0 0-0 9. Re1 Re8 10. Nb5 Bb4 11. c3 Ba5 12. b4 Bb6 13. Ne5 h6 14. Bh4 a6 15. Na3 Bc7 16. Nxc6 bxc6 17. Nc2 Bb7 18. Ne3 a5 19. a3 Bd6 20. Ng4 Be7 21. Rb1 Nxg4 22. Bxe7 Qxe7 23. Bxg4 axb4 24. axb4 Ra3 25. Qc2 f5 26. Bxf5 Qf6 27. Re5 Re7 28. h3 exf5 29. Rxf5 Qd6 30. Qb2 Ra8 31. Qd2 Rf8 32. Rxf8+ Kxf8 33. Qd3 Rf7 34. Qh7 Qf4 35. Qh8+ Ke7 36. Re1+ Kf6 37. Qd8+ Kg6 38. Re6+ Rf6 39. Qe8+ Kg5 40. Re5+ Rf5 41. Qe7+ Kh5 42. g4+ Kg6 43. gxf5+ Kh5 44. f6+ Kg6 45. Qxg7# 1-0